| 000 | 00721nam a2200229Ia 4500 | ||
|---|---|---|---|
| 005 | 20250508164203.0 | ||
| 008 | 008 250505s9999 xx 000 0 eng d | ||
| 020 | _a1-84376-119-x | ||
| 037 | _aReference | ||
| 040 |
_aFEDL _beng _cFEDL |
||
| 041 |
_aeng _2eng |
||
| 084 |
_a338.4737, INT _qFEDL |
||
| 100 |
_aJohnes Geraint Ed. _9777629 |
||
| 245 | 0 | _aInternational handbook on the economics of education | |
| 260 |
_aCheltenham, UK _bEdward Elgar Publishing Ltd. _c2004 |
||
| 300 | _axii, 860p. | ||
| 365 |
_aGBP _b180 |
||
| 650 |
_aEducation-Economics aspects; Economics; Production _9777630 |
||
| 700 |
_a Johnes Jill Ed. _9777631 |
||
| 942 |
_cREF _h338.4737, INT |
||
| 999 |
_c1387480 _d1387480 |
||